Tilastot visalle Päiväntasaajan Guinea -visa

Klikkaa tästä pelataksesi tätä visaa!

Yleistilastot

  • Tätä visaa on pelattu 153 kertaa
  • Keskiarvotulos 10 / 16

Vastaustilastot

VihjeVastaus% Oikein
NaapurimaatGabon
92%
Viralliset kieletRanska
92%
NaapurimaatKamerun
91%
Viralliset kieletEspanja
84%
Maan tärkein vientituoteÖljy
82%
Viralliset kieletPortugali
80%
PääkaupunkiMalabo
75%
Päiväntasaajan Guinea on kahden Afrikan saarivaltion jälkeen Afrikan kolmanneksi _____ valtioRikkain
64%
Saari, jolla yllä oleva sijaitseeBioko
43%
Suurin etninen ryhmäFangit
41%
Väkirikkain kaupunki ja entinen pääkaupunkiBata
38%
Päiväntasaajan Guinea mantereella sijaitsevan osan nimiRío {Muni}
38%
Presidentti vuodesta 1979 lähtienTeodoro Obiang Nguema Mbasogo
38%
Suunnitteilla oleva tuleva pääkaupunkiCiudad de la {Paz}
35%
Tuon saaren entinen nimiFernando Po
33%
Yllä oleva kantaväestön muodostava kansaBubit
31%

Tulosjakauma

Persentiili vastausten määrän mukaan

Jokaisen tuloksen saaneiden osuus

Tuloshistoriasi

Et ole pelannut tätä visaa